[Event "Galapagar op 10th"]
[Site "Galapagar"]
[Date "2009.07.24"]
[Round "7"]
[White "Moreno Rodriguez, Jose M"]
[Black "Martin Duque, Jesus"]
[Result "0-1"]
[WhiteElo "2058"]
[BlackElo "1930"]
[PlyCount "140"]
[EventDate "2009.07.18"]
[EventType "swiss"]
[EventRounds "9"]
[EventCountry "ESP"]
[SourceTitle "EXT 2010"]
[Source "ChessBase"]
[SourceDate "2010.11.25"]
[SourceVersion "1"]
[SourceVersionDate "2010.11.25"]
[SourceQuality "1"]

1. c4 e6 2. Nc3 d5 3. cxd5 exd5 4. e3 Nf6 5. Nf3 c6 6. d4 Be7 7. Bd3 0-0 8. Qc2 Re8 9. 0-0 Nbd7 10. a3 Nf8 11. b4 a6 12. Bd2 Be6 13. Rfb1 Rc8 14. Na4 b5 15. Nc5 Bxc5 16. bxc5 a5 17. Ne5 g6 18. Qc3 a4 19. Qc2 Ne4 20. Nxc6 Rxc6 21. Bxb5 Bd7 22. Bxc6 Bxc6 23. Rb6 Qc8 24. Rab1 Nd7 25. R6b2 Qd8 26. f3 Nxd2 27. Qxd2 Qe7 28. Re1 f5 29. Rbb1 Qg5 30. Kf1 Qh6 31. Kg1 Qg5 32. Rb2 Qe7 33. Kf1 Qh4 34. g3 Qe7 35. Kf2 Qf8 36. Re2 Kh8 37. Qa5 Qf6 38. Qc7 h5 39. h4 Kg8 40. Rec2 Re6 41. f4 Qe7 42. Rc3 Kf7 43. Rb4 Kg7 44. Qa7 Kf7 45. Kf3 Kg7 46. Kf2 Kf7 47. Rb2 Kg7 48. Qc7 Kf7 49. Rb4 Kf8 50. Rb6 Nxb6 51. cxb6 Qd7 52. Rc5 Ke7 53. Qb8 Rd6 54. Ra5 Qd8 55. Ra7+ Ke6 56. Qc7 Qxc7 57. Rxc7 Bd7 58. Rb7 Rc6 59. Ke2 Rc8 60. Kd2 Kd6 61. Ra7 Rb8 62. b7 Kc7 63. Kc2 Rxb7 64. Ra8 Rb3 65. Rg8 Rxa3 66. Kb2 Rxe3 67. Rxg6 a3+ 68. Ka1 Bb5 69. Rg7+ Kb6 70. Rg5 Bc4 0-1

[Event "Galapagar op 10th"]
[Site "Galapagar"]
[Date "2009.07.19"]
[Round "2"]
[White "Takvor Mena, Samuel"]
[Black "Moreno Rodriguez, Jose M"]
[Result "0-1"]
[WhiteElo "1588"]
[BlackElo "2058"]
[PlyCount "128"]
[EventDate "2009.07.18"]
[EventType "swiss"]
[EventRounds "9"]
[EventCountry "ESP"]
[SourceTitle "EXT 2010"]
[Source "ChessBase"]
[SourceDate "2010.11.25"]
[SourceVersion "1"]
[SourceVersionDate "2010.11.25"]
[SourceQuality "1"]

1. e4 Nf6 2. e5 Nd5 3. c4 Nb6 4. d4 d6 5. exd6 cxd6 6. Nc3 g6 7. Nf3 Bg7 8. b3 0-0 9. Bb2 Nc6 10. Be2 Bg4 11. d5 Nb4 12. 0-0 Rc8 13. Qd2 Nd7 14. h3 Bxf3 15. Bxf3 Nc5 16. Ne4 Bxb2 17. Qxb2 Nbd3 18. Qe2 Ne5 19. Nxc5 Rxc5 20. Rfe1 Qb6 21. Be4 Rc7 22. Kh1 Nd7 23. Bc2 Nf6 24. f4 Nh5 25. Qf3 Qd4 26. f5 Qh4 27. g4 Nf6 28. Rf1 Nd7 29. Kh2 Ne5 30. Qf4 g5 31. Qe4 f6 32. Bd1 Kf7 33. Be2 Rh8 34. Qe3 b6 35. a4 Rb8 36. a5 Rcb7 37. a6 Rc7 38. Qd2 Rbc8 39. Qb4 Rc5 40. Ra2 Rh8 41. Qc3 Rcc8 42. Kg2 Rcg8 43. Qd4 h5 44. Rh1 hxg4 45. Bxg4 Rh6 46. Raa1 Rgh8 47. b4 R6h7 48. Rac1 Rc8 49. Rc3 Qh6 50. Rhc1 Qg7 51. Re1 Rh4 52. Kg3 Qh6 53. Qe4 Qh7 54. Rh1 Qg8 55. Qe2 Kg7 56. Qe4 Qe8 57. b5 Qh8 58. Kg2 Qh7 59. Kg3 Rh8 60. Re1 Kf8 61. Rg1 Nxg4 62. hxg4 Rh2 63. Kf3 Qh3+ 64. Rg3 Qxg3+ 0-1

[Event "Galapagar op 09th"]
[Site "Galapagar"]
[Date "2008.07.24"]
[Round "6"]
[White "Mansilla Tolosa, Luis Eduardo"]
[Black "Moreno Rodriguez, Jose M"]
[Result "1-0"]
[WhiteElo "2016"]
[BlackElo "2055"]
[PlyCount "93"]
[EventDate "2008.07.19"]
[EventType "swiss"]
[EventRounds "9"]
[EventCountry "ESP"]
[SourceTitle "EXT 2009"]
[Source "ChessBase"]
[SourceDate "2008.11.26"]
[SourceVersion "1"]
[SourceVersionDate "2008.11.26"]
[SourceQuality "1"]

1. d4 Nf6 2. c4 e6 3. g3 d5 4. Nf3 Bb4+ 5. Nbd2 Nbd7 6. Qc2 0-0 7. Bg2 dxc4 8. Qxc4 Bd6 9. 0-0 Nb6 10. Qc2 Re8 11. e4 e5 12. dxe5 Bxe5 13. Rd1 Qe7 14. Nxe5 Qxe5 15. b3 Qxa1 16. Bb2 Qxa2 17. Ra1 Qxa1+ 18. Bxa1 c6 19. f4 Be6 20. f5 Bd7 21. Qc3 Rad8 22. g4 Re7 23. h4 Ne8 24. Qc5 Nc8 25. Nc4 b6 26. Qd4 c5 27. Qd2 b5 28. Na5 Nb6 29. Nc6 Bxc6 30. Qxd8 Rc7 31. h5 Rc8 32. Qe7 Rc7 33. Qxc5 f6 34. g5 fxg5 35. Qe3 h6 36. Bd4 Nc8 37. e5 Ne7 38. f6 Bxg2 39. Kxg2 Nd5 40. Qe4 Nf4+ 41. Kf3 Rc1 42. Qb7 gxf6 43. exf6 Rf1+ 44. Kg4 Ne6 45. Qe7 Rf4+ 46. Kg3 N8c7 47. Be5 1-0

[Event "Galapagar op 09th"]
[Site "Galapagar"]
[Date "2008.07.20"]
[Round "2"]
[White "Ortega Morales, Pedro"]
[Black "Moreno Rodriguez, Jose M"]
[Result "1-0"]
[WhiteElo "1932"]
[BlackElo "2055"]
[PlyCount "75"]
[EventDate "2008.07.19"]
[EventType "swiss"]
[EventRounds "9"]
[EventCountry "ESP"]
[SourceTitle "EXT 2009"]
[Source "ChessBase"]
[SourceDate "2008.11.26"]
[SourceVersion "1"]
[SourceVersionDate "2008.11.26"]
[SourceQuality "1"]

1. d4 Nf6 2. Bf4 d5 3. e3 e6 4. Nf3 Bd6 5. Bd3 Nbd7 6. Ne5 0-0 7. Nd2 Qe7 8. Qf3 Ne8 9. Qh3 f5 10. g4 Bxe5 11. dxe5 Nc5 12. Be2 Ne4 13. c3 g5 14. Bg3 Qg7 15. f4 Kf7 16. Qh5+ Ke7 17. Nxe4 fxe4 18. Qxg5+ Qxg5 19. fxg5 Bd7 20. Kd2 c6 21. h4 Nc7 22. h5 Be8 23. Bh4 Kf7 24. Raf1+ Kg8 25. Rf6 Rf7 26. Rhf1 Kg7 27. g6 hxg6 28. Rxg6+ Kf8 29. Rgf6 Rxf6 30. Bxf6 Kg8 31. g5 c5 32. Be7 Bb5 33. Bxc5 b6 34. Bd6 Bxe2 35. Kxe2 Nb5 36. Be7 Re8 37. Bf6 Nc7 38. g6 1-0